000 00525nam a22001817a 4500
999 _c187589
_d187589
005 20220425122956.0
010 _aENG-132386
020 _a9788193797631
_c975.00
035 _aEN-115918
037 _bDBAD/PUB
082 _a297.4
100 _aBhatnagar, Seema
245 _aGlimpse of Sufism/
_cSeema Bhatnagar
260 _aVaranasi
_bKrishna Prakashan
_c2018
270 _bVaranasi
_aB5/25, Oudhgarvi Sonarpura
_e221001
300 _a232p.
_bBibliogaraphy
_c23cm(hbk)
942 _2ddc
_cEN
_h297.4
_mBHA